Hami yonat ha-lev : (Record no. 32971)

MARC details
000 -LEADER
fixed length control field 00538cam a22002051 4500
001 - CONTROL NUMBER
control field he 68000563
003 - CONTROL NUMBER IDENTIFIER
control field DLC
005 - DATE AND TIME OF LATEST TRANSACTION
control field 20260227111454.0
008 - FIXED-LENGTH DATA ELEMENTS--GENERAL INFORMATION
fixed length control field 840613s1966 is 000 0 heb
010 ## - LIBRARY OF CONGRESS CONTROL NUMBER
LC control number he 68000563
035 ## - SYSTEM CONTROL NUMBER
System control number (OCoLC)19151996
040 ## - CATALOGING SOURCE
Original cataloging agency DLC
Transcribing agency MH
Modifying agency CU
-- DLC
042 ## - AUTHENTICATION CODE
Authentication code premarc
050 00 - LIBRARY OF CONGRESS CALL NUMBER
Classification number PJ5054.H228
Item number H3
100 1# - MAIN ENTRY--PERSONAL NAME
Personal name Halevi, Ratson,
Dates associated with a name 1921-
245 10 - TITLE STATEMENT
Title Hami yonat ha-lev :
Remainder of title shirim.
260 ## - PUBLICATION, DISTRIBUTION, ETC.
Place of publication, distribution, etc. [Tel Aviv] :
Name of publisher, distributor, etc. Maḥbarot le-sifrut
Date of publication, distribution, etc. [1966 or 1967]
300 ## - PHYSICAL DESCRIPTION
Extent 70 p. ;
Dimensions 20 cm.
500 ## - GENERAL NOTE
General note Vocalized.

No items available.

Powered by Koha